[Event "Arad op 15th"]
[Site "Arad"]
[Date "2022.08.14"]
[Round "9"]
[White "Batagan, Ilinca Petra"]
[Black "Parasca, Claudiu"]
[Result "1-0"]
[WhiteElo "1920"]
[BlackElo "1784"]
[PlyCount "37"]
[EventDate "2022.08.08"]
[EventType "swiss"]
[EventRounds "9"]
[EventCountry "ROU"]
[SourceTitle "CBM 209 Extra"]
[Source "ChessBase"]
[SourceDate "2022.09.30"]
[SourceVersion "1"]
[SourceVersionDate "2022.09.30"]
[SourceQuality "1"]

1. d4 d5 2. c4 e6 3. Nf3 c5 4. cxd5 exd5 5. g3 Nc6 6. Bg2 Nf6 7. 0-0 Be6 8. Nc3 Be7 9. dxc5 Bxc5 10. Bg5 Be7 11. Nd4 0-0 12. Rc1 h6 13. Nxc6 bxc6 14. Bxf6 Bxf6 15. Na4 Rc8 16. Nc5 Bxb2 17. Rb1 Ba3 18. Nb7 Qe7 19. Qa4 1-0

[Event "Arad op 15th"]
[Site "Arad"]
[Date "2022.08.11"]
[Round "6"]
[White "Parasca, Claudiu"]
[Black "Ambru, Dan Calin"]
[Result "0-1"]
[WhiteElo "1784"]
[BlackElo "2008"]
[PlyCount "100"]
[EventDate "2022.08.08"]
[EventType "swiss"]
[EventRounds "9"]
[EventCountry "ROU"]
[SourceTitle "CBM 209 Extra"]
[Source "ChessBase"]
[SourceDate "2022.09.30"]
[SourceVersion "1"]
[SourceVersionDate "2022.09.30"]
[SourceQuality "1"]

1. d4 Nf6 2. Nf3 g6 3. g3 Bg7 4. Bg2 d6 5. 0-0 0-0 6. Nbd2 Nc6 7. c3 e5 8. e3 Qe7 9. Ng5 h6 10. Nge4 Nxe4 11. Nxe4 f5 12. Nd2 e4 13. Re1 Nd8 14. b4 d5 15. a4 g5 16. Nf1 g4 17. b5 Qf7 18. Qb3 Be6 19. Ba3 Re8 20. Nd2 Qh5 21. Rec1 Nf7 22. Qd1 Ng5 23. Bf1 Rad8 24. Bb4 Qf7 25. Ra2 Rd7 26. Rac2 Red8 27. Bg2 Qh5 28. Ra1 Nf3+ 29. Nxf3 gxf3 30. Bf1 Qg6 31. Qe1 Re8 32. Rac1 h5 33. c4 dxc4 34. Bxc4 Bxc4 35. Rxc4 Rc8 36. a5 h4 37. R1c2 f4 38. b6 axb6 39. axb6 Qxb6 40. Bc5 Qg6 41. exf4 b6 42. Ba3 hxg3 43. hxg3 Bxd4 44. Rxd4 Rxd4 45. Rc1 Rcd8 46. Qf1 e3 47. Bb2 e2 48. Qh3 Rd1+ 49. Kh2 Qh7 50. Rxc7 Rh1+ 0-1

[Event "Arad op-B 14th"]
[Site "Arad"]
[Date "2021.08.06"]
[Round "9"]
[White "Balaban Voia, Alexandru"]
[Black "Parasca, Claudiu"]
[Result "1/2-1/2"]
[WhiteElo "1889"]
[BlackElo "1773"]
[PlyCount "137"]
[EventDate "2021.07.30"]
[EventType "swiss"]
[EventRounds "9"]
[EventCountry "ROU"]
[SourceTitle "EXT 2022"]
[Source "ChessBase"]
[SourceDate "2021.10.06"]
[SourceVersion "1"]
[SourceVersionDate "2021.10.06"]
[SourceQuality "1"]

1. Nf3 d5 2. g3 f5 3. Bg2 Nf6 4. 0-0 e6 5. b3 Bd6 6. Bb2 0-0 7. c4 c6 8. d3 Nbd7 9. Nc3 Re8 10. e4 Ne5 11. cxd5 exd5 12. exd5 cxd5 13. Nb5 Nc6 14. Nxd6 Qxd6 15. Qd2 h6 16. Rfe1 Bd7 17. Nh4 Kh7 18. Nf3 Rxe1+ 19. Rxe1 Re8 20. Nd4 Rxe1+ 21. Qxe1 a6 22. Nxc6 Bxc6 23. Bd4 g5 24. b4 Kg6 25. Bc5 Qd7 26. h3 Qf7 27. a3 h5 28. Qe3 Qc7 29. h4 f4 30. gxf4 Qxf4 31. hxg5 Qxg5 32. Bd4 Qxe3 33. fxe3 Ng4 34. Bf3 Nh6 35. Kh2 Nf5 36. Bc5 Kg5 37. Kh3 Kg6 38. e4 dxe4 39. dxe4 Ng7 40. Kh4 Kh6 41. Be3+ Kg6 42. Bg5 b5 43. Be3 Be8 44. Bd4 Bd7 45. Bxg7 Kxg7 46. e5 Kg6 47. Be4+ Kf7 48. Bd5+ Kg6 49. e6 Be8 50. Bb7 Kf6 51. Bc8 Ke7 52. Kg5 Bc6 53. Kxh5 Bd5 54. Bxa6 Bc4 55. Kg5 Kxe6 56. Kf4 Kd5 57. Ke3 Kc6 58. a4 Kb6 59. axb5 Bxb5 60. Bxb5 Kxb5 61. Kd4 Kc6 62. Kc4 Kb6 63. b5 Kb7 64. Kc5 Kc7 65. b6+ Kb7 66. Kb5 Kb8 67. Kc6 Kc8 68. b7+ Kb8 69. Kb6 1/2-1/2

[Event "Arad op-B 14th"]
[Site "Arad"]
[Date "2021.08.04"]
[Round "7"]
[White "Parasca, Claudiu"]
[Black "Paraschiv, Petronela Alexandra"]
[Result "1/2-1/2"]
[WhiteElo "1773"]
[BlackElo "1977"]
[PlyCount "160"]
[EventDate "2021.07.30"]
[EventType "swiss"]
[EventRounds "9"]
[EventCountry "ROU"]
[SourceTitle "EXT 2022"]
[Source "ChessBase"]
[SourceDate "2021.10.06"]
[SourceVersion "1"]
[SourceVersionDate "2021.10.06"]
[SourceQuality "1"]

1. d4 Nf6 2. Nf3 e6 3. g3 b5 4. Bg2 Bb7 5. 0-0 c5 6. e3 Be7 7. c3 0-0 8. Nbd2 d5 9. Ne5 b4 10. f4 Qa5 11. Nb3 Qc7 12. dxc5 bxc3 13. bxc3 Bxc5 14. Nxc5 Qxc5 15. Qd4 Rc8 16. Bd2 Nbd7 17. Rfb1 Ba6 18. h3 Nb6 19. g4 Ne8 20. Bf1 Bxf1 21. Kxf1 Nd6 22. Rb3 Ne4 23. Be1 Nc4 24. Nxc4 Qxc4+ 25. Qxc4 Rxc4 26. Rab1 g6 27. Ra3 Rc7 28. Ke2 a5 29. Rab3 Rac8 30. Rc1 Rc4 31. Rb5 Ra4 32. Rc2 Rcc4 33. g5 Kg7 34. h4 Rc7 35. Kd1 Ra3 36. Rb3 Ra4 37. Kc1 Rac4 38. Kb1 a4 39. Rb4 Nxc3+ 40. Bxc3+ Rxc3 41. Rxc3 Rxc3 42. Rxa4 Rxe3 43. Rb4 Ra3 44. Kb2 Ra7 45. a4 h6 46. Kb3 hxg5 47. hxg5 Kf8 48. Rb8+ Ke7 49. Kb4 Kd6 50. a5 Kc7 51. Rf8 Kc6 52. Rc8+ Kb7 53. Rc3 Ka6 54. Rc6+ Kb7 55. Rb6+ Kc7 56. Ka4 Ra8 57. Rb3 Ra7 58. Rh3 Kc6 59. Rc3+ Kd6 60. Rb3 d4 61. Kb5 e5 62. fxe5+ Kxe5 63. Kb6 Ra8 64. Rb5+ Kf4 65. Kb7 Re8 66. a6 d3 67. a7 d2 68. Rd5 Ke3 69. a8Q Rxa8 70. Kxa8 Ke2 71. Re5+ Kf3 72. Rd5 Ke2 73. Re5+ Kf2 74. Rd5 Ke2 75. Re5+ Kf3 76. Rd5 Ke2 77. Re5+ Kf3 78. Rd5 Ke2 79. Re5+ Kf3 80. Rd5 Ke2 1/2-1/2

[Event "Arad op 12th"]
[Site "Arad"]
[Date "2019.07.24"]
[Round "1"]
[White "Parasca, Claudiu"]
[Black "Ardeleanu, Alin"]
[Result "0-1"]
[WhiteElo "1795"]
[BlackElo "2323"]
[PlyCount "28"]
[EventDate "2019.07.24"]
[EventType "swiss"]
[EventRounds "9"]
[EventCountry "ROU"]
[SourceTitle "CBM 191 Extra"]
[Source "ChessBase"]
[SourceDate "2019.09.30"]
[SourceVersion "1"]
[SourceVersionDate "2019.09.30"]
[SourceQuality "1"]

1. d4 Nf6 2. Nf3 g6 3. g3 Bg7 4. Bg2 c5 5. 0-0 cxd4 6. Nxd4 0-0 7. c3 d5 8. f4 Nc6 9. Nxc6 bxc6 10. Nd2 Qb6+ 11. Kh1 Ng4 12. Qb3 Nf2+ 13. Kg1 Nh3+ 14. Kh1 Qg1+ 0-1